Seleção Paris Saint-Germain Champions League 2024/2025 - Statistics

Estatísticas Gerais
  • Esse quiz foi jogado 57 vezes
  • A pontuação média é 15 de 23
Estatísticas das Respostas
Imagem Resposta % Correto
Gianluigi Donnarumma
100%
Marquinhos
96%
Ousmane Dembélé
96%
Achraf Hakimi
94%
Bradley Barcola
88%
Vitinha
87%
Lucas Hernández
85%
Lucas Beraldo
83%
Gonçalo Ramos
77%
Nuno Mendes
75%
João Neves
73%
Khvicha Kvaratskhelia
73%
Presnel Kimpembe
73%
Fabián Ruiz
71%
Désiré Doué
63%
Warren Zaïre-Emery
58%
Lee Kang-in
46%
Willian Pacho
46%
Matvei Safonov
27%
Senny Mayulu
21%
Arnau Tenas
13%
Ibrahim Mbaye
8%
Yoram Zague
6%
Nenhum quiz correspondente encontrado
Distribuição das Pontuações
Porcentagem de Pessoas com Cada Pontuação
Percentil de Números Respondidos
Sua Pontuação Histórica
Você não jogou esse quiz